Economic reform in three giants US foreign policy and the USSR, China, and India
Saved in:
| Main Author: | |
|---|---|
| Format: | Book |
| Language: | English |
| Published: |
John Echeverri-Gent, Friedemann Muller
1990
|
| Tags: |
Add Tag
No Tags, Be the first to tag this record!
|
MARC
| LEADER | 00000nam a22000007a 4500 | ||
|---|---|---|---|
| 008 | 210420b ||||| |||| 00| 0 eng d | ||
| 020 | |a 0-88738-820-5 | ||
| 100 | |a FEINBERG, Richard E. | ||
| 245 | |a Economic reform in three giants |b US foreign policy and the USSR, China, and India |c Richard E. Feinberg |g viii, 247p. | ||
| 260 | |b John Echeverri-Gent, Friedemann Muller |c 1990 |h New Brunswick, USA |i 689132 |l HC336.26 .F32 |m Soviet Union- Foreign economic relations |m China - Economic policy |m United States - Foreign economic relations - Soviet Union |m United States - Foreign economic relations. |m Soviet Union - Economic policy. |m India - Economic policy. | ||
| 500 | |a (US - Third world policy perspectives: No.14) | ||
| 942 | |a lcc |c BK |e Ogunmilade, F.T. |f 20/04/2021 | ||
| 952 | |0 0 |1 0 |2 lcc |4 0 |6 HC033626 F32 |7 0 |9 2224 |a HOL |b HOL |c GJ |d 2021-04-20 |l 0 |o HC336.26 .F32 |p 2021-6078 |r 2021-04-20 00:00:00 |w 2021-04-20 |y BK | ||
| 999 | |c 1158 |d 1158 | ||